Normal view
MARC view
- FINGERPRINTS.FINGERPRINTS-IDENTIFICATIONS.CRIMINAL INVESTIGATION.FORENSIC SCIENCES
Entry Topical Term
001 - CONTROL NUMBER
- control field: 68022
003 - CONTROL NUMBER IDENTIFIER
- control field: NUST
005 - DATE AND TIME OF LATEST TRANSACTION
- control field: 20210628203946.0
008 - FIXED-LENGTH DATA ELEMENTS
- fixed length control field: 210628|| aca||aabn | a|a d
040 ## - CATALOGING SOURCE
- Original cataloging agency: NUST
- Transcribing agency: NUST
150 ## - HEADING--TOPICAL TERM
- Topical term or geographic name entry element: FINGERPRINTS.FINGERPRINTS-IDENTIFICATIONS.CRIMINAL INVESTIGATION.FORENSIC SCIENCES
670 ## - SOURCE DATA FOUND
- Source citation: Work cat.: (NUST): Champod, Christophe, Lennard, Chris, Margot, Pierre 68021, Fingerprints and other ridge skin impressions, 2004
